LEADER 01470nam a2200313 u 4500 001 000000108471 003 CaOOAMICUS 005 20071127100316.0 008 071127s2007 it u000 u ita u 020 $z978-88-452-5934-0* 040 $aPUL$bita$dLDB 041 1 $aita$ager$hger 100 1 $aSchiller, Friedrich,$d1759-1805.$0(OLS)http://pul/name/14875 240 10$aUeber die äesthetische Erziehung des Manschen in einer Reihe von Briefen.$lItaliano.$0(OLS)http://pul/title/136495 245 12$aL'educazione estetica dell'uomo :$buna serie di lettere /$cJohann Christoph Friedrich Schiller ; introduzione, traduzione, note e apparati di Guido Boffi. 260 $aMilano :$bBompiani,$c2007. 300 $a285 p. ;$c21 cm. 490 1 $aBompiani testi a fronte ;$v110 504 $aBibliografia: p. [271]-279. 546 $aTesto tedesco a fronte. 700 1 $aBoffi, Guido.$0(OLS)http://pul/name/35927 830 0$aBompiani testi a fronte ;$v110.$0(OLS)http://pul/title/87343 850 $aPUL 852 $aPUL$W1$xSL Filosofia 2$y80$mPhil A2 2.110$j123622$qStampati Altre Collocazioni$B122559$CPULBib$Z2$F122559 $H105558 $82 941 1 $a10 983 0$aTesti a fronte (Bompiani) 996 $6020$z978-88-452-5934-0*$9(OLS)http://pul/number/136373 996 $6245$aL'educazione estetica dell'uomo :$buna serie di lettere$9(OLS)http://pul/title/136494 996 $6260$aMilano :$bBompiani$9(OLS)http://pul/publisher/48240 LEADER 01158nam a2200289 a 4500 001 000000167145 003 CaOOAMICUS 005 20180417111209.0 008 180417s1947 it u000 u fre r 032 $aLibriCat 040 $aPUL$bita 041 1 $aita$hfre 100 1 $aJouvenel, Bertrand de.$0(OLS)http://pul/name/30127 240 10$aDu pouvoir.$lItaliano.$0(OLS)http://pul/title/77710 245 13$aIl potere :$bstoria naturale del suo sviluppo /$cBertrand de Jouvenel. 260 $aMilano ;$aRoma :$bRizzoli,$c1947. 300 $aX, 387 p. ;$c22 cm. 490 1 $aPoliteia 500 $aSulla cop.: Metafisica del potere, sua origine, natura, aspetto e limiti. 650 4$aPotere.$0(OLS)http://pul/subject/7371 830 0$aPoliteia (Rizzoli).$0(OLS)http://pul/title/56958 850 $aPUL 852 $aPUL$W1$xDP1 Fondo Dalla Palma$y117$m2 C 2$j7350$qFondi$B194688$CPULBib$Z2$F194688 $HDal116 $81 941 1 $a1 996 $6245$aIl potere :$bstoria naturale del suo sviluppo$9(OLS)http://pul/title/207026 996 $6260$aMilano ;$aRoma :$bRizzoli$9(OLS)http://pul/publisher/54375